000 00182 a2200097 4500
020 _a0881138711
041 _aspa
100 _aClark, Nancy
245 _aRefugio del abuso
942 _cBK
999 _c8916
_d8916